000 00836cam a2200241 a 4500
001 000010222
005 20200929161913.0
008 880919s1985 cu 000 0 spa
035 _a(DLC) 88885358
040 _aDO-SdBNP
_cDLC
_dDLC
_dBNPHU
082 _aCu861.44
_bP592p
100 1 _aPichardo, Francisco Javier,
_d1873-1941.
_925220
245 1 0 _aPoesías escogidas /
_cFrancisco Javier Pichardo ; selección y prólogo de Luis Suardiaz.
260 _aCiudad de La Habana :
_bLetras Cubanas,
_c1985.
300 _a113 p. ;
_c20 cm.
490 1 _aBiblioteca básica de literatura cubana
650 4 _aPoesía cubana
_95226
650 4 _aLiteratura cubana
_91483
700 1 _aSuardiaz, Luis,
_epról.
_925221
830 0 _aBiblioteca básica de literatura cubana.
_914098
910 _aCatalogación por copia / LC
049 _aBNGR
999 _c9981
_d9981